Normal view
MARC view
Entry Personal Name
001 - CONTROL NUMBER
- control field: 20624
003 - CONTROL NUMBER IDENTIFIER
- control field: ARRUPE
005 - DATE AND TIME OF LATEST TRANSACTION
- control field: 20151028113347.0
008 - FIXED-LENGTH DATA ELEMENTS
- fixed length control field: 151028|| aca||aabn | a|a d
040 ## - CATALOGING SOURCE
- Original cataloging agency: ARRUPE
- Transcribing agency: ARRUPE
100 ## - HEADING--PERSONAL NAME
- Personal name: Kleniewski, Nancy.
670 ## - SOURCE DATA FOUND
- Source citation: Work cat.: (ARRUPE)0: Shannon, Thomas R., 1945- 20622, Urban problems in sociological perspective /, c2002.